Charade Spécial dentaire n°1 - Statistiques

Statistiques générales
  • Ce quiz a été pris 27 fois
  • Le résultat moyen est 4 sur 5
Statistiques - réponses
Hint Réponse % Correct
Mon 3ème permet de faire vivre une association. Don
88%
Mon 1er a été fait sur la lune Pas
88%
Mon 2ème sort de la bouche et fait du bruit. Rot
85%
Mon 4ème est le mot titre avec une lettre en moins. Tite
85%
Mon tout est une maladie dont 50% de la population souffrirait. Parodontite
65%
Aucun quiz correspondant
Distribution des résultats
% des personnes avec chaque résultat
Percentile par nombre de réponses
Votre historique - résultats
Vous n’avez pas pris ce quiz